[Event "Ä11Ï "]
[Site "Loo"]
[Date "2017.04.20"]
[Round "1.1"]
[White "Ðàôèêîâà, Àìèíà."]
[Black "Øåâöîâà, Äàðüÿ."]
[Result "0-1"]
[WhiteElo "1111"]
[BlackElo "1445"]
[PlyCount "112"]
[EventDate "2017.04.20"]

1. e4 c5 2. c3 Qa5 3. Nf3 d6 4. h3 Nd7 5. Bc4 Ngf6 6. d3 b5 7. Bd5 Nxd5 8. exd5
Nf6 9. Bf4 Nxd5 10. Bg3 e6 11. O-O Be7 12. Re1 O-O 13. Nbd2 Qb6 14. Qe2 Bb7 15.
Rad1 a5 16. c4 Nf6 17. Qe3 Ba6 18. Bh4 bxc4 19. dxc4 Rfe8 20. b3 Bb7 21. Qd3 h6
22. Bg3 e5 23. Re2 e4 24. Nxe4 Bxe4 25. Rxe4 Nxe4 26. Qxe4 Rac8 27. Re1 Qc6 28.
Qxc6 Rxc6 29. Bh4 Kf8 30. Kf1 Bxh4 31. Rxe8+ Kxe8 32. Nxh4 g6 33. Nf3 a4 34.
Nd2 axb3 35. Nxb3 Ra6 36. Nd2 Rxa2 37. Ne4 Ke7 38. Kg1 Rc2 39. Ng3 Rxc4 40. Kh2
Rc2 41. Nh1 d5 42. Ng3 Rxf2 43. Nh1 Rb2 44. Nf2 Rxf2 45. Kg1 Rb2 46. Kf1 c4 47.
Ke1 c3 48. Kd1 c2+ 49. Kc1 Ra2 50. h4 h5 51. g4 hxg4 52. h5 g3 53. h6 g2 54. h7
g1=Q+ 55. Kd2 c1=Q+ 56. Kd3 Qge3# 0-1

[Event "Ä11Ï "]
[Site "Loo"]
[Date "2017.04.20"]
[Round "1.2"]
[White "Êîæåâíèêîâà, Àëåíà."]
[Black "Ãàëèìîâà, Åâà."]
[Result "1-0"]
[WhiteElo "1422"]
[BlackElo "1108"]
[PlyCount "109"]
[EventDate "2017.04.20"]

1. c4 e6 2. Nc3 d5 3. e3 c6 4. Nf3 Bb4 5. a3 Bxc3 6. dxc3 dxc4 7. Qxd8+ Kxd8 8.
Bxc4 Nd7 9. O-O b5 10. Bb3 Nc5 11. Bc2 Nf6 12. b4 Nce4 13. Bxe4 Nxe4 14. Ne5
Kc7 15. Nxf7 Rf8 16. Ne5 Nxc3 17. Bb2 Nd5 18. Nd3 a5 19. Bxg7 Rg8 20. Be5+ Kb6
21. e4 Ne7 22. Rad1 Rd8 23. Bf6 Rd7 24. Nc5 Rxd1 25. Rxd1 Ng6 26. Bd4 axb4 27.
Nd3+ Ka5 28. Nxb4 Bb7 29. Nd3 Rd8 30. Nc5 e5 31. Nxb7+ Ka6 32. Nxd8 exd4 33.
Rxd4 c5 34. Rd5 c4 35. e5 c3 36. Rc5 Ka5 37. e6 c2 38. Rxc2 Ka4 39. Re2 Kxa3
40. e7 Nxe7 41. Rxe7 b4 42. Rxh7 b3 43. Rb7 b2 44. h4 Ka2 45. h5 b1=Q+ 46. Rxb1
Kxb1 47. h6 Kb2 48. h7 Kb3 49. h8=Q Kb4 50. Qd4+ Kb5 51. Qc3 Kb6 52. Qc4 Ka5
53. Qb3 Ka6 54. Qb4 Ka7 55. Qb7# 1-0

[Event "Ä11Ï "]
[Site "Loo"]
[Date "2017.04.20"]
[Round "1.3"]
[White "Ëàáàçíèêîâà, Êñåíèÿ."]
[Black "Ñàââèíà, Ðåãèíà."]
[Result "0-1"]
[WhiteElo "1089"]
[BlackElo "1392"]
[PlyCount "46"]
[EventDate "2017.04.20"]

1. e4 e5 2. Nf3 Nc6 3. Bc4 Nf6 4. Nc3 Nxe4 5. Nxe4 d5 6. Bd3 dxe4 7. Bxe4 Bd6
8. O-O O-O 9. Re1 Re8 10. h3 Bd7 11. b3 f5 12. Bd5+ Kh8 13. d3 h6 14. Bb2 Qf6
15. Qd2 Qg6 16. Re2 Re7 17. Rae1 Rae8 18. c4 e4 19. dxe4 fxe4 20. Nd4 Bxh3 21.
g3 Bc5 22. Nxc6 Qxg3+ 23. Kh1 Qg2# 0-1

[Event "Ä11Ï "]
[Site "Loo"]
[Date "2017.04.20"]
[Round "1.4"]
[White "Çèìîâà, Åêàòåðèíà."]
[Black "Ïóòèíöåâà, Ìàðèíà."]
[Result "1-0"]
[WhiteElo "1376"]
[BlackElo "1087"]
[PlyCount "121"]
[EventDate "2017.04.20"]

1. e4 d5 2. exd5 Nf6 3. d4 Nxd5 4. c4 Nb6 5. Nf3 Bg4 6. h3 Bh5 7. g4 Bg6 8. h4
h6 9. h5 Bh7 10. Bg2 e6 11. O-O Be7 12. b3 O-O 13. Re1 c5 14. Nc3 Na6 15. a3
Nc7 16. Bf4 Qd7 17. dxc5 Rac8 18. cxb6 Qxd1 19. Raxd1 axb6 20. Rd7 Bd8 21. Ne5
f6 22. Ng6 Bxg6 23. hxg6 e5 24. Bg3 Rb8 25. Red1 Re8 26. Bxb7 Rxb7 27. Rxd8 Rb8
28. Rxb8 Rxb8 29. Rd7 Rc8 30. f4 Ne6 31. fxe5 Nc5 32. Rd6 Nxb3 33. Rxb6 Nc1 34.
exf6 gxf6 35. Rb4 Nd3 36. Rb8 Rxb8 37. Bxb8 Kg7 38. a4 Nc5 39. a5 Kxg6 40. Bd6
Nb7 41. a6 Nxd6 42. a7 Nxc4 43. a8=Q Ne5 44. Qe4+ Kf7 45. Nd5 Ke6 46. Nf4+ Kf7
47. Qh7+ Ke8 48. Nd5 Nf7 49. Qg8+ Kd7 50. Qxf7+ Kc6 51. Qxf6+ Kxd5 52. Qe7 Kd4
53. Qe6 Kc5 54. Qd7 h5 55. gxh5 Kb6 56. h6 Ka6 57. h7 Kb6 58. h8=R Kc5 59. Rc8+
Kb4 60. Qb7+ Ka5 61. Ra8# 1-0

[Event "Ä11Ï "]
[Site "Loo"]
[Date "2017.04.20"]
[Round "1.5"]
[White "Æóðàâëåâà, Âåðîíèêà."]
[Black "Çàâèâàåâà, Ýâåëèíà."]
[Result "0-1"]
[WhiteElo "1084"]
[BlackElo "1326"]
[PlyCount "78"]
[EventDate "2017.04.20"]

1. e4 e6 2. b3 d5 3. Bb2 Nf6 4. g4 Nxe4 5. Nf3 Nc6 6. Bg2 Bc5 7. Rf1 O-O 8. Qe2
Ng5 9. d3 Nxf3+ 10. Bxf3 Bd4 11. Nc3 Bf6 12. O-O-O Nd4 13. Qe1 Nxf3 14. Qe2 Nd4
15. Qe1 Nc6 16. Kb1 a6 17. f4 g6 18. f5 exf5 19. gxf5 Bxf5 20. Qg3 Re8 21. Rxf5
Be5 22. Qg2 d4 23. Ne2 Bg7 24. Rd5 Qh4 25. Rd7 Re7 26. Rxe7 Qxe7 27. Re1 Qb4
28. Qg3 Be5 29. Qf2 Qd6 30. Rf1 Qd7 31. Bc1 a5 32. Bf4 Bxf4 33. Qxf4 a4 34.
bxa4 Rxa4 35. Ng3 Qe6 36. Kc1 Qxa2 37. Kd2 Qe6 38. Qxc7 Qe3+ 39. Kd1 Ra1# 0-1

[Event "Ä11Ï "]
[Site "Loo"]
[Date "2017.04.20"]
[Round "1.6"]
[White "Æàïîâà, ßíà."]
[Black "Íåâîëèíà, Âåðà."]
[Result "1-0"]
[WhiteElo "1316"]
[BlackElo "1084"]
[PlyCount "137"]
[EventDate "2017.04.20"]

1. e4 c5 2. Nf3 e6 3. d4 cxd4 4. Nxd4 a6 5. Nc3 b5 6. Be3 Bb7 7. f3 Qc7 8. Qd2
Nf6 9. O-O-O d5 10. e5 Nfd7 11. f4 Bb4 12. Kb1 Bxc3 13. Qxc3 Qxc3 14. bxc3 O-O
15. Be2 Nc5 16. Nb3 Ne4 17. Kb2 Rc8 18. Rd3 a5 19. a3 Nc6 20. Nd2 Nxd2 21. Rxd2
b4 22. Bd4 Nxd4 23. cxd4 bxa3+ 24. Kxa3 Rc3+ 25. Kb2 Rac8 26. Ra1 g6 27. Rxa5
R3c6 28. g4 Rb6+ 29. Rb5 Rcc6 30. Kc1 Ba6 31. Rxb6 Rxb6 32. c3 Bc4 33. Bxc4
dxc4 34. Ra2 Kf8 35. Kc2 Ke8 36. Ra8+ Ke7 37. Rh8 Ra6 38. Rxh7 Ra2+ 39. Kb1 Rf2
40. Rh3 Rxf4 41. Kb2 Rxg4 42. Ka3 f5 43. Kb4 f4 44. Kxc4 Rg5 45. Rf3 Rf5 46. h3
g5 47. Kc5 Kd7 48. Kb6 Rf8 49. c4 Rb8+ 50. Kc5 Rb7 51. d5 exd5 52. cxd5 Ke8 53.
Kd6 Kf7 54. h4 Kg6 55. hxg5 Kxg5 56. e6 Kg4 57. Rf1 f3 58. e7 Rb8 59. Ke5 Kg3
60. d6 f2 61. d7 Rb5+ 62. Kf6 Rb6+ 63. Kf7 Rb8 64. e8=Q Rxe8 65. dxe8=Q Kg2 66.
Qe2 Kh3 67. Qxf2 Kg4 68. Qg2+ Kh4 69. Rh1# 1-0

[Event "Ä11Ï "]
[Site "Loo"]
[Date "2017.04.20"]
[Round "1.7"]
[White "Âåðâåéí, Åâà."]
[Black "Ìàòâååâà, Êñåíèÿ."]
[Result "0-1"]
[WhiteElo "1073"]
[BlackElo "1292"]
[PlyCount "112"]
[EventDate "2017.04.20"]

1. e4 c6 2. d4 d5 3. Nc3 dxe4 4. Nxe4 Nd7 5. Nf3 Ngf6 6. Bd3 Nxe4 7. Bxe4 Nf6
8. Bd3 Bg4 9. Be3 g6 10. h3 Bxf3 11. Qxf3 Bg7 12. O-O-O O-O 13. g4 Nd5 14. h4
Qb6 15. c3 Rac8 16. h5 Nxe3 17. fxe3 c5 18. h6 Bh8 19. Qe4 cxd4 20. exd4 Qxd4
21. Qxe7 Qf4+ 22. Kb1 Rc7 23. Qe4 Qxe4 24. Bxe4 b5 25. Rd5 Rb8 26. Rhd1 Rcc8
27. Rd7 a5 28. Ra7 b4 29. Bb7 Rf8 30. cxb4 axb4 31. Bf3 Bf6 32. Rb7 Bg5 33.
Rxb8 Rxb8 34. Rh1 Re8 35. a4 bxa3 36. bxa3 Re3 37. Rc1 Bxh6 38. Rc8+ Kg7 39. a4
Rxf3 40. a5 Ra3 41. Rc5 Bd2 42. Kb2 Rxa5 43. Rxa5 Bxa5 44. Kc2 Kf6 45. Kd3 Kg5
46. Ke4 Kxg4 47. Ke5 f5 48. Kf6 Bc3+ 49. Kf7 f4 50. Kg8 h5 51. Kh7 g5 52. Kh6
f3 53. Kh7 f2 54. Kh6 f1=Q 55. Kh7 Qf7+ 56. Kh6 Qg7# 0-1

[Event "Ä11Ï "]
[Site "Loo"]
[Date "2017.04.20"]
[Round "1.8"]
[White "Óçèíöåâà, Äàðüÿ."]
[Black "Êîðíåâà, Åëèçàâåòà."]
[Result "1-0"]
[WhiteElo "1291"]
[BlackElo "1060"]
[PlyCount "81"]
[EventDate "2017.04.20"]

1. d4 d5 2. c4 e6 3. Nc3 c5 4. cxd5 exd5 5. dxc5 d4 6. Ne4 Bxc5 7. Nxc5 Qd5 8.
Bd2 Qxc5 9. Rc1 Qe7 10. Rxc8+ Kd7 11. Qc2 Qd6 12. Qc5 Qxc5 13. Rxc5 Nf6 14. Nf3
Nc6 15. g3 Rhe8 16. Bg2 d3 17. e3 Rac8 18. O-O Kc7 19. Nh4 Kb8 20. Nf5 Nd7 21.
Rcc1 Re5 22. Nd6 Rf8 23. Bxc6 bxc6 24. Rxc6 Nb6 25. Nc4 Nxc4 26. Rxc4 Rc8 27.
Rxc8+ Kxc8 28. Rd1 Kb7 29. Bc3 Rd5 30. Bxg7 Kb6 31. Bd4+ Kb5 32. Rxd3 f5 33.
Rb3+ Kc4 34. Bxa7 Rd1+ 35. Kg2 Ra1 36. Ra3 Rb1 37. Bd4 Kb4 38. Rb3+ Kc4 39. Rb7
h5 40. Rh7 Ra1 41. b3+ 1-0

[Event "Ä11Ï "]
[Site "Loo"]
[Date "2017.04.20"]
[Round "1.9"]
[White "Íåñòåðîâà, Åëèçàâåòà."]
[Black "Êîðíåâà, Ïîëèíà."]
[Result "0-1"]
[WhiteElo "1056"]
[BlackElo "1270"]
[PlyCount "108"]
[EventDate "2017.04.20"]

1. e4 b6 2. d3 Bb7 3. Nd2 e6 4. Ngf3 d6 5. g3 Nd7 6. Bg2 Ne7 7. O-O g6 8. Re1
Bg7 9. h4 O-O 10. Nf1 f5 11. Ng5 Qc8 12. Nxe6 Rf7 13. Nxg7 Kxg7 14. b3 Kf8 15.
Bh6+ Kg8 16. g4 fxe4 17. dxe4 Ne5 18. f3 Qd7 19. Ne3 Qe6 20. Qe2 a5 21. Nc4 Ba6
22. Qe3 Nxc4 23. bxc4 Bxc4 24. h5 Bxa2 25. Qc3 c5 26. Qb2 Bc4 27. Qxb6 gxh5 28.
Rxa5 Rc8 29. Rea1 Qxh6 30. Ra8 Rxa8 31. Rxa8+ Kg7 32. Qb2+ Qf6 33. Qxf6+ Rxf6
34. g5 Rf8 35. Ra7 Rf7 36. Ra4 Bb5 37. Ra5 Bc6 38. Ra6 Kg6 39. f4 Rxf4 40. Ra7
Rf7 41. e5 dxe5 42. Bxc6 Nxc6 43. Rxf7 Kxf7 44. Kg2 e4 45. Kf2 h4 46. Ke3 h3
47. Kxe4 h2 48. Kd3 h1=Q 49. Kc3 Qd5 50. Kb2 Qd4+ 51. c3 Qd2+ 52. Kb3 Na5+ 53.
Ka3 Qxc3+ 54. Ka4 Qb4# 0-1

[Event "Ä11Ï "]
[Site "Loo"]
[Date "2017.04.20"]
[Round "1.10"]
[White "Íàãàåâà, Àëèÿ."]
[Black "Ìèõàéëîâà, Åêàòåðèíà."]
[Result "1-0"]
[WhiteElo "1269"]
[BlackElo "1053"]
[PlyCount "105"]
[EventDate "2017.04.20"]

1. d4 d5 2. Bf4 Nf6 3. Nf3 e6 4. e3 Bd6 5. Bg3 Nc6 6. c3 Bxg3 7. hxg3 Qd6 8.
Bd3 e5 9. dxe5 Nxe5 10. Nxe5 Qxe5 11. Nd2 c5 12. Nf3 Qe7 13. Bb5+ Kf8 14. Qc2
a6 15. Be2 g6 16. c4 Bf5 17. Qc3 Kg7 18. cxd5 Rhd8 19. Rd1 Rac8 20. Ng5 Kg8 21.
g4 Ne4 22. Nxe4 Bxe4 23. Bf3 Bxf3 24. gxf3 b5 25. e4 c4 26. Ke2 Rc5 27. Qe3 Rc7
28. Qf4 Rcd7 29. Qh6 f6 30. a3 Qe5 31. Rd2 Qe7 32. Rhd1 f5 33. gxf5 gxf5 34. d6
Qe5 35. Qg5+ Kh8 36. Qxf5 Qxf5 37. exf5 Re8+ 38. Kf1 Kg7 39. Re1 Rxe1+ 40. Kxe1
Kf6 41. Rd5 Kf7 42. Ke2 Kf6 43. Ke3 Kg5 44. Ke4 Kf6 45. Kf4 h6 46. Kg4 Kg7 47.
Kh5 Kh7 48. f6 a5 49. Rxb5 Rxd6 50. Rf5 c3 51. f7 cxb2 52. f8=Q b1=Q 53. Rf7#
1-0

[Event "Ä11Ï "]
[Site "Loo"]
[Date "2017.04.20"]
[Round "1.11"]
[White "Äàðìàåâà, Íîìèíà."]
[Black "Êîçëîâà, Àíàñòàñèÿ."]
[Result "0-1"]
[WhiteElo "1047"]
[BlackElo "1264"]
[PlyCount "110"]
[EventDate "2017.04.20"]

1. e4 e5 2. Nf3 Nc6 3. Bc4 Bc5 4. Nc3 Nf6 5. d3 h6 6. Be3 Bb6 7. Qd2 d6 8. h3
Be6 9. Bb3 Ba5 10. O-O O-O 11. Kh2 d5 12. exd5 Bxd5 13. Rg1 Qd6 14. Kh1 Qd7 15.
Bxd5 Nxd5 16. Bxh6 Qf5 17. Be3 Rad8 18. Nh2 Nce7 19. g4 Qe6 20. Rae1 Nxc3 21.
bxc3 Qc6+ 22. f3 Qxc3 23. Qxc3 Bxc3 24. Re2 f6 25. Bc5 Bd4 26. Bxe7 Bxg1 27.
Bxf8 Bxh2 28. Bxg7 Kxg7 29. Kxh2 Rd5 30. a4 Rd4 31. Re4 Rxe4 32. fxe4 a5 33.
Kg2 b5 34. axb5 a4 35. Kf2 a3 36. c4 a2 37. Ke3 a1=Q 38. Kd2 Qd4 39. Kc2 Kg6
40. Kd2 Kg5 41. Kc2 Kh4 42. Kd2 Kxh3 43. Kc2 Kxg4 44. Kd2 Kf3 45. Kc2 Ke2 46.
Kb3 Kxd3 47. Kb4 Qxc4+ 48. Ka5 Kxe4 49. Ka6 c6 50. Kb6 cxb5 51. Ka5 b4 52. Kb6
b3 53. Kb7 b2 54. Kb6 b1=R+ 55. Ka5 Qa2# 0-1

[Event "Ä11Ï "]
[Site "Loo"]
[Date "2017.04.20"]
[Round "1.12"]
[White "ßêèìîâà, Çëàòà."]
[Black "Ãîí÷àðîâà, Ñîôèÿ."]
[Result "1-0"]
[WhiteElo "1259"]
[BlackElo "1034"]
[PlyCount "41"]
[EventDate "2017.04.20"]

1. d4 d5 2. c4 dxc4 3. e3 Nc6 4. Bxc4 e5 5. Nf3 exd4 6. Nxd4 Bc5 7. Nxc6 Qxd1+
8. Kxd1 bxc6 9. Nc3 Nf6 10. Re1 O-O 11. Ke2 Re8 12. Kf1 Bb4 13. Bd2 Bd6 14. e4
Bb7 15. Re2 c5 16. Rae1 Re5 17. Bf4 Rh5 18. e5 Ng4 19. exd6 Nxh2+ 20. Bxh2 Rxh2
21. Re8+ 1-0

[Event "Ä11Ï "]
[Site "Loo"]
[Date "2017.04.20"]
[Round "1.13"]
[White "Äîðîôååâà, Àííà."]
[Black "Ìóòèíà, Ñîôèÿ."]
[Result "0-1"]
[WhiteElo "1009"]
[BlackElo "1255"]
[PlyCount "72"]
[EventDate "2017.04.20"]

1. e4 e6 2. d4 d5 3. Nd2 c5 4. c3 Nc6 5. Ngf3 Nf6 6. Bd3 a6 7. O-O dxe4 8. Nxe4
cxd4 9. Nxf6+ gxf6 10. cxd4 Bg7 11. Be3 f5 12. Rc1 O-O 13. Bc2 Qd6 14. d5 exd5
15. b3 Be6 16. Bb1 d4 17. Bg5 f6 18. Bh4 Bh6 19. Bg3 Qd7 20. Rc2 d3 21. Rb2
Rad8 22. Re1 Rfe8 23. Nd2 Qd4 24. Qc1 Bd5 25. Rxe8+ Rxe8 26. h3 f4 27. Bh4 f3
28. g3 Re2 29. g4 f5 30. Bg3 Bf4 31. Bh4 fxg4 32. hxg4 Bxd2 33. Rxd2 Qxg4+ 34.
Bg3 Qh3 35. Qf1 Re1 36. Bxd3 Qg2# 0-1

[Event "Ä11Ï "]
[Site "Loo"]
[Date "2017.04.20"]
[Round "1.14"]
[White "Õóñíååâà, Àëèíà."]
[Black "Êó÷èíà, Àëåêñàíäðà."]
[Result "1/2-1/2"]
[WhiteElo "1238"]
[BlackElo "1004"]
[PlyCount "41"]
[EventDate "2017.04.20"]

1. e4 e6 2. d4 d5 3. Nc3 dxe4 4. Nxe4 Nd7 5. Nf3 Ngf6 6. Bd3 Be7 7. O-O O-O 8.
c3 b6 9. Bc2 Bb7 10. Ng3 c5 11. Qd3 Bxf3 12. Qxf3 cxd4 13. cxd4 Qc7 14. Qd3
Rac8 15. Bb1 Qc4 16. Qe3 Ng4 17. Qe4 Ngf6 18. Qe3 Ng4 19. Qe4 Ngf6 20. Qe3 Ng4
21. Qe4 1/2-1/2

[Event "Ä11Â "]
[Site "Loo"]
[Date "2017.04.20"]
[Round "1.1"]
[White "Êåêååâà, Ñîôèÿ."]
[Black "Ìèõååâà, Ãàëèíà."]
[Result "0-1"]
[WhiteElo "1328"]
[BlackElo "1569"]
[PlyCount "136"]
[EventDate "2017.04.20"]

1. e4 e5 2. Nf3 Nc6 3. Bb5 Bc5 4. d3 d6 5. O-O Bg4 6. Bxc6+ bxc6 7. Nbd2 Qf6 8.
c3 Ne7 9. h3 Bh5 10. Nb3 Bxf3 11. Qxf3 Qxf3 12. gxf3 Bb6 13. Be3 Ng6 14. a4 a5
15. Rad1 Rb8 16. Bxb6 cxb6 17. d4 Ke7 18. Rfe1 Rhd8 19. Re3 Kf6 20. Kh2 Nf4 21.
Rc1 Ne6 22. Rd1 Rb7 23. c4 exd4 24. Nxd4 Nxd4 25. Rxd4 Ke5 26. Red3 Ke6 27. f4
g6 28. Rb3 Rdd7 29. Kg3 f5 30. exf5+ gxf5 31. Re3+ Kf6 32. Kh2 d5 33. Red3 Ke6
34. cxd5+ Rxd5 35. Rxd5 cxd5 36. b3 Rd7 37. Kg3 d4 38. Kf3 Kd5 39. Rd2 Rc7 40.
Rd3 Rc2 41. h4 h5 42. Rd1 Rc3+ 43. Kg2 Ke4 44. Kf1 d3 45. Ke1 Rxb3 46. f3+ Kxf3
47. Kd2 Kxf4 48. Rf1+ Ke4 49. Re1+ Kd4 50. Rc1 Rb2+ 51. Kd1 Rh2 52. Rc7 Ke3 53.
Re7+ Kf4 54. Re1 d2 55. Re2 Rxe2 56. Kxe2 Kg3 57. Kxd2 f4 58. Ke2 Kg2 59. Ke1
f3 60. Kd1 f2 61. Ke2 f1=Q+ 62. Ke3 Qc4 63. Kd2 Qb3 64. Ke2 Qc3 65. Kd1 Qb2 66.
Ke1 Kf3 67. Kd1 Ke3 68. Ke1 Qb1# 0-1

[Event "Ä11Â "]
[Site "Loo"]
[Date "2017.04.20"]
[Round "1.2"]
[White "Øâåäîâà, Àëåêñàíäðà."]
[Black "Ëåçèíà, Àííà."]
[Result "1/2-1/2"]
[WhiteElo "1522"]
[BlackElo "1325"]
[PlyCount "122"]
[EventDate "2017.04.20"]

1. e4 d5 2. exd5 Nf6 3. d4 Bg4 4. Nf3 Qxd5 5. Be2 Nc6 6. c4 Qd7 7. Nc3 O-O-O 8.
d5 Bxf3 9. Bxf3 Ne5 10. Qe2 Nxf3+ 11. Qxf3 e6 12. Bg5 Be7 13. O-O Rhe8 14. Rfe1
exd5 15. Bxf6 Bxf6 16. Rxe8 Qxe8 17. cxd5 a6 18. Rc1 Qe5 19. Rd1 Qe7 20. Qf5+
Kb8 21. Qxh7 Bxc3 22. bxc3 Rxd5 23. Rb1 Re5 24. Rf1 Qf6 25. Qd3 Ra5 26. Qd2 Re5
27. Rb1 Qe6 28. h3 Rd5 29. Qc1 Rf5 30. Qc2 g6 31. a4 Qc6 32. Qd3 Qd6 33. Qe4
Qd5 34. Qe2 Qc6 35. Qd2 Qd6 36. Qe2 Qc6 37. Qd3 Qd6 38. Qc4 Qe6 39. Qd4 Qd6 40.
Qe4 c6 41. Qe8+ Kc7 42. Qa8 b5 43. Qa7+ Kd8 44. Qxa6 Qc5 45. Rd1+ Ke7 46. Qb7+
Kf6 47. axb5 Qxf2+ 48. Kh1 cxb5 49. Qe4 Re5 50. Rd6+ Re6 51. Qd4+ Qxd4 52. Rxd4
Ke5 53. Rb4 Rb6 54. c4 Kd4 55. Rxb5 Rxb5 56. cxb5 Kc5 57. g4 Kxb5 58. g5 Kc5
59. Kg2 Kd5 60. Kf3 Ke5 61. Kg4 f5+ 1/2-1/2

[Event "Ä11Â "]
[Site "Loo"]
[Date "2017.04.20"]
[Round "1.3"]
[White "Øèõàëèåâà, Àðèàíà."]
[Black "Øóáåíêîâà, Âåðîíèêà."]
[Result "0-1"]
[WhiteElo "1325"]
[BlackElo "1515"]
[PlyCount "120"]
[EventDate "2017.04.20"]

1. e4 e6 2. d4 d5 3. exd5 exd5 4. Bd3 Bd6 5. Nc3 c6 6. Nge2 Nf6 7. O-O O-O 8.
Bf4 Bg4 9. Bxd6 Qxd6 10. h3 Be6 11. Qd2 Nbd7 12. Nf4 Rfe8 13. Nxe6 fxe6 14.
Rae1 a6 15. Nd1 e5 16. dxe5 Nxe5 17. Qf4 Nf7 18. Qxd6 Nxd6 19. f3 Nh5 20. Kf2
Nf4 21. Nc3 b5 22. a3 Nxd3+ 23. cxd3 Kf7 24. Rxe8 Rxe8 25. Re1 Rxe1 26. Kxe1
Ke6 27. Ke2 Ke5 28. Nd1 Nf5 29. Ne3 Nxe3 30. Kxe3 d4+ 31. Kf2 c5 32. g3 g5 33.
Ke2 c4 34. Kd2 h5 35. Kc2 Kf5 36. Kd2 h4 37. g4+ Kf4 38. Ke2 Kg3 39. Kd2 Kxh3
40. f4 Kxg4 41. fxg5 Kxg5 42. dxc4 bxc4 43. Ke2 h3 44. Kf2 d3 45. Kg3 d2 46.
Kxh3 d1=Q 47. Kg3 Qb3+ 48. Kf2 Qxb2+ 49. Ke3 Qxa3+ 50. Kd4 Qd6+ 51. Kc3 a5 52.
Kxc4 a4 53. Kc3 Qc7+ 54. Kb4 Qb6+ 55. Kxa4 Kf5 56. Ka3 Ke4 57. Ka2 Qb4 58. Ka1
Kd3 59. Ka2 Kc2 60. Ka1 Qb2# 0-1

[Event "Ä11Â "]
[Site "Loo"]
[Date "2017.04.20"]
[Round "1.4"]
[White "Ïîëÿòî, Èðèíà."]
[Black "Áåëîóñîâà, Ñîôüÿ."]
[Result "1-0"]
[WhiteElo "1475"]
[BlackElo "1319"]
[PlyCount "83"]
[EventDate "2017.04.20"]

1. d4 d5 2. c4 e6 3. Nc3 c6 4. Nf3 dxc4 5. e4 b5 6. Be2 Nf6 7. Bg5 Be7 8. e5
Nd5 9. Bxe7 Nxe7 10. O-O O-O 11. Qc2 Nf5 12. Rfd1 Qe7 13. a4 Qb4 14. Ng5 g6 15.
Bg4 Bb7 16. Nge4 Nd7 17. Bxf5 exf5 18. Nd6 Ba6 19. axb5 Bxb5 20. Ra3 Nb6 21.
Na2 Ba4 22. Nxb4 Bxc2 23. Nxc2 Nd5 24. Nxc4 Rfb8 25. N2e3 Nc7 26. f4 Nb5 27.
Rad3 Rd8 28. d5 cxd5 29. Rxd5 Rxd5 30. Nxd5 Rc8 31. Ne7+ Kf8 32. Nxc8 Kg7 33.
Rd7 Nc7 34. Rxc7 Kh6 35. Rxf7 Kh5 36. e6 Kh6 37. e7 Kh5 38. e8=Q Kg4 39. Qe2+
Kxf4 40. Qe3+ Kg4 41. Qg3+ Kh5 42. Rxh7# 1-0

[Event "Ä11Â "]
[Site "Loo"]
[Date "2017.04.20"]
[Round "1.5"]
[White "Ëè, Äàðèíà."]
[Black "Êëåéìåíîâà, Âàëåðèÿ."]
[Result "0-1"]
[WhiteElo "1310"]
[BlackElo "1465"]
[PlyCount "100"]
[EventDate "2017.04.20"]

1. e4 c5 2. Nf3 Nc6 3. d4 cxd4 4. Nxd4 d6 5. Nc3 a6 6. Be3 Bd7 7. Be2 Nf6 8.
O-O e6 9. f4 Be7 10. Qe1 O-O 11. Qg3 Kh8 12. Bd3 Qb8 13. Nxc6 Bxc6 14. e5 dxe5
15. fxe5 Nd7 16. Qh3 g6 17. Bh6 Qxe5 18. Bxf8 Rxf8 19. Rae1 Qg7 20. Be4 Qd4+
21. Kh1 Bxe4 22. Rxe4 Qg7 23. Ref4 Qe5 24. Nd1 Qg7 25. c3 Nf6 26. Ne3 Nh5 27.
R4f3 Nf6 28. g4 Ne4 29. Qg2 Nf6 30. g5 Ne4 31. h4 Nd6 32. Qf2 Bd8 33. Qd2 Bc7
34. Ng4 Nf5 35. Qf2 Bd8 36. Kh2 Be7 37. Kh3 Rd8 38. Qa7 Rd7 39. Qb8+ Bd8 40.
Qc8 Rd6 41. Qxb7 Qf8 42. Ne3 f6 43. b4 fxg5 44. hxg5 Bxg5 45. Nxf5 gxf5 46. Rh1
Qh6+ 47. Kg3 Qxh1 48. Qc8+ Rd8 49. Qxe6 Qg1+ 50. Kh3 Qg4+ 0-1

[Event "Ä11Â "]
[Site "Loo"]
[Date "2017.04.20"]
[Round "1.6"]
[White "Ôðîëîâà, Àëèêà."]
[Black "Øóõìàí, Àííà."]
[Result "0-1"]
[WhiteElo "1441"]
[BlackElo "1308"]
[PlyCount "76"]
[EventDate "2017.04.20"]

1. e4 c5 2. Nf3 e6 3. d4 cxd4 4. Nxd4 a6 5. Nc3 Qc7 6. Bd3 b5 7. O-O Bb7 8. a3
Nf6 9. Be3 Be7 10. Re1 Nc6 11. Nxc6 dxc6 12. Bg5 h6 13. Bh4 O-O 14. Bg3 Qb6 15.
Bh4 c5 16. e5 Qc6 17. f3 Nd5 18. Bxe7 Nxe7 19. Ne4 Qb6 20. Kh1 c4 21. Bf1 Nf5
22. Qe2 Rfd8 23. Rad1 Rxd1 24. Rxd1 Ne3 25. Rd6 Qa7 26. Rd7 Nxf1 27. Qxf1 Qb6
28. Nd6 Bc6 29. Rxf7 Rd8 30. Qe1 Rxd6 31. Rxg7+ Kxg7 32. exd6 Qd4 33. Qg3+ Kf7
34. h3 e5 35. f4 e4 36. f5 Qf6 37. Qf4 e3 38. Qxe3 Qxd6 0-1

[Event "Ä11Â "]
[Site "Loo"]
[Date "2017.04.20"]
[Round "1.7"]
[White "Áûêîâñêèõ, Åêàòåðèíà."]
[Black "Ãóðãåíèäçå, Àëåêñàíäðà."]
[Result "1-0"]
[WhiteElo "1308"]
[BlackElo "1433"]
[PlyCount "99"]
[EventDate "2017.04.20"]

1. e4 d5 2. exd5 Qxd5 3. Nc3 Qd6 4. d4 Nf6 5. Nf3 Bg4 6. h3 Bh5 7. g4 Bg6 8.
Ne5 Nbd7 9. Nxd7 Nxd7 10. Bg2 O-O-O 11. h4 h5 12. g5 f6 13. gxf6 Qxf6 14. Bg5
Qe6+ 15. Be3 Nc5 16. Qf3 Rxd4 17. Bh3 Rg4 18. Bxg4 hxg4 19. Qe2 Be4 20. Bxc5
Qe5 21. Nxe4 Qxb2 22. Qxg4+ Kb8 23. Rd1 b6 24. Rd8+ Kb7 25. Qc8+ Kc6 26. Qe6+
Kb7 27. Qd5+ Ka6 28. Qc4+ b5 29. Qe6+ Ka5 30. Qb3 Qxb3 31. cxb3 a6 32. Bxe7
Bxe7 33. Rxh8 c5 34. Re8 Bf6 35. Nxf6 c4 36. Ne4 cxb3 37. axb3 Kb4 38. Nd2 a5
39. h5 a4 40. bxa4 bxa4 41. Ra8 a3 42. h6 gxh6 43. Rxh6 a2 44. Rc6 a1=Q+ 45.
Rxa1 Kb5 46. Rc2 Kb4 47. Rb1+ Ka3 48. Rc7 Ka2 49. Rb8 Ka3 50. Ra7# 1-0

[Event "Ä11Â "]
[Site "Loo"]
[Date "2017.04.20"]
[Round "1.8"]
[White "Ìîíãóø, Ìèëåíà."]
[Black "Êóçíåöîâà, Þëèÿ."]
[Result "1-0"]
[WhiteElo "1421"]
[BlackElo "1304"]
[PlyCount "63"]
[EventDate "2017.04.20"]

1. d4 d5 2. Nf3 Nf6 3. e3 e6 4. Bd3 c5 5. b3 Nc6 6. Bb2 b6 7. Nbd2 Bd6 8. O-O
O-O 9. Ne5 Bb7 10. f4 Nb4 11. Be2 Rc8 12. a3 Nc6 13. Bd3 Re8 14. Rf3 Nd7 15.
Bxh7+ Kf8 16. Rh3 Nf6 17. Bd3 Ke7 18. g4 Bxe5 19. fxe5 Nd7 20. Qf3 Rh8 21. Rf1
f6 22. Rg3 Rh4 23. exf6+ Nxf6 24. dxc5 d4 25. exd4 Rb8 26. d5 exd5 27. Bxf6+
gxf6 28. Qxf6+ Ke8 29. Re1+ Kd7 30. Bf5+ Kc7 31. Qf7+ Qd7 32. Qxd7# 1-0

[Event "Ä11Â "]
[Site "Loo"]
[Date "2017.04.20"]
[Round "1.9"]
[White "Áóâàéëîâà, Ïîëèíà."]
[Black "Êîðîâèíà, ßíà."]
[Result "0-1"]
[WhiteElo "1304"]
[BlackElo "1416"]
[PlyCount "72"]
[EventDate "2017.04.20"]

1. e4 c5 2. Nf3 Nc6 3. Bb5 d6 4. Bxc6+ bxc6 5. O-O e5 6. d3 g6 7. Nc3 Bg7 8.
Be3 Ne7 9. h3 O-O 10. Re1 f5 11. Rb1 f4 12. Bd2 h6 13. Ne2 g5 14. Nh2 Be6 15.
c4 Qd7 16. Nc3 Rf6 17. Ng4 Rg6 18. b4 h5 19. Nh2 g4 20. h4 Rf8 21. g3 cxb4 22.
Rxb4 fxg3 23. fxg3 Rgf6 24. Bg5 R6f7 25. Qb1 Ng6 26. Rb8 Nf4 27. Rxf8+ Rxf8 28.
gxf4 exf4 29. Nd1 Bd4+ 30. Kh1 g3 31. Nf3 g2+ 32. Kh2 Bb6 33. Qb2 Bh3 34. Bh6
Rf7 35. Nc3 Qg4 36. Qe2 Qg3# 0-1

[Event "Ä11Â "]
[Site "Loo"]
[Date "2017.04.20"]
[Round "1.10"]
[White "Ôåäîðîâà, Îëåñÿ."]
[Black "Êàðìàíîâà, Îëüãà."]
[Result "1/2-1/2"]
[WhiteElo "1414"]
[BlackElo "1299"]
[PlyCount "104"]
[EventDate "2017.04.20"]

1. e4 c5 2. c3 a6 3. d4 cxd4 4. cxd4 g6 5. Nf3 d5 6. e5 Bg4 7. h3 Bxf3 8. Qxf3
e6 9. Nc3 Nc6 10. Qd3 Qb6 11. Be3 Nge7 12. g4 Bg7 13. Bg2 Rc8 14. O-O O-O 15.
Rab1 Na5 16. b3 Nac6 17. Rbc1 Nb4 18. Qd2 Qa5 19. Na4 Qb5 20. Rc5 Rxc5 21. Nxc5
b6 22. a4 Qc6 23. Nxe6 Qxe6 24. Qxb4 f6 25. exf6 Qxf6 26. a5 b5 27. Qc5 Qe6 28.
Bg5 Bf6 29. Bxf6 Rxf6 30. Rc1 Rf8 31. Qc3 Qf6 32. Qd2 Kh8 33. Rc5 Rd8 34. b4
Rd7 35. Qc3 Rd8 36. Rc7 Rf8 37. Qd2 Rd8 38. Rc5 Rd7 39. Qe3 Rd8 40. Qe5 Qxe5
41. dxe5 d4 42. Rc2 Kg7 43. Bb7 Nd5 44. Bxd5 Rxd5 45. f4 g5 46. fxg5 Rxe5 47.
Rc7+ Kg8 48. Rd7 Re3 49. Rxd4 Rxh3 50. Kg2 Rb3 51. Kf2 Kf7 52. Ke2 Rg3 1/2-1/2